000 01929cam a2200169 4500500
005 20260208010554.0
041 _afre
042 _adc
100 1 0 _aCombessie, Philippe
_eauthor
245 0 0 _aMichel Foucault, Le pouvoir psychiatrique. Cours au Collège de France. 1973-1974, édition établie par Jacques Lagrange, Paris, Le Seuil / Gallimard, 2003, coll. « Hautes Études », 396 p. / Michel Foucault, Sécurité, territoire, population. Cours au Collège de France. 1977-1978, édition établie par Michel Senellart, Paris, Le Seuil / Gallimard, 2004, coll. « Hautes Études », 430 p. / Michel Foucault, Naissance de la biopolitique. Cours au Collège de France. 1978-1979, édition établie par Michel Senellart, Paris, Le Seuil / Gallimard, 2004, coll. « Hautes Études », 350 p. / Frédéric Gros, Michel Foucault, Paris, PUF, 2004, coll. « Que sais-je ? », 3e éd. mise à jour, 125 p. / Stéfan Leclercq (dir.), Abécédaire de Michel Foucault, Mons-Paris, Sils Maria Éditions - Vrin, 2004, coll. « ABéCédaire », 212 p.
260 _c2005.
500 _a37
520 _aLettres inédites de Théodule Ribot à Henri Piéron Édition et présentation des lettres (1902-1916) du psychologue fondateur de la Revue philosophique, Théodule Ribot, au jeune Henri Piéron, qui deviendra par la suite une figure centrale de la psychologie scientifique française.
520 _aUnpublished letters from Théodule Ribot to Henri Piéron Edition and presentation of the letters (1902-1916) of Théodule Ribot, the psychologist founder of the Revue philosophique, to the young Henri Piéron, who will later become a central figure of French scientific psychology.
786 0 _nRevue philosophique de la France et de l'étranger | 130 | 3 | 2005-09-01 | p. 357zj-432zj | 0035-3833
856 4 1 _uhttps://shs.cairn.info/revue-philosophique-2005-3-page-357zj?lang=fr&redirect-ssocas=7080
999 _c1657185
_d1657185